[Event "Prague op-B 20th"]
[Site "Prague"]
[Date "2022.01.14"]
[Round "9"]
[White "Sosovickova, Martina"]
[Black "Tomasek, Ladislav"]
[Result "1/2-1/2"]
[WhiteElo "1702"]
[BlackElo "1800"]
[PlyCount "58"]
[EventDate "2022.01.07"]
[EventType "swiss"]
[EventRounds "9"]
[EventCountry "CZE"]
[SourceTitle "CBM 206 Extra"]
[Source "ChessBase"]
[SourceDate "2022.03.31"]
[SourceVersion "1"]
[SourceVersionDate "2022.03.31"]
[SourceQuality "1"]

1. e4 e5 2. Nf3 Nc6 3. Nc3 Nf6 4. d4 d6 5. dxe5 dxe5 6. Qxd8+ Kxd8 7. Bg5 Be6 8. 0-0-0+ Bd6 9. Bb5 Kc8 10. Rhe1 Ne7 11. Nd5 Bxd5 12. exd5 Ng6 13. Nh4 a6 14. Bd3 Nxh4 15. Bxh4 b6 16. Re2 Kb7 17. c4 a5 18. Bf5 Rae8 19. a3 Re7 20. Rde1 Rhe8 21. Bxf6 gxf6 22. Bxh7 Rh8 23. Bf5 Rxh2 24. Bh3 f5 25. f3 f4 26. Rd1 Re8 27. Kd2 f6 28. Re4 Rb8 29. Re2 Bc5 1/2-1/2

[Event "Prague op-B 20th"]
[Site "Prague"]
[Date "2022.01.13"]
[Round "8"]
[White "Tomasek, Ladislav"]
[Black "Jaeger, Andre"]
[Result "1-0"]
[WhiteElo "1800"]
[BlackElo "1889"]
[PlyCount "65"]
[EventDate "2022.01.07"]
[EventType "swiss"]
[EventRounds "9"]
[EventCountry "CZE"]
[SourceTitle "CBM 206 Extra"]
[Source "ChessBase"]
[SourceDate "2022.03.31"]
[SourceVersion "1"]
[SourceVersionDate "2022.03.31"]
[SourceQuality "1"]

1. e4 c5 2. Nf3 Nc6 3. d4 cxd4 4. Nxd4 Nf6 5. Nc3 e5 6. Ndb5 d6 7. Bg5 a6 8. Na3 b5 9. Nd5 Be7 10. Bxf6 Bxf6 11. c3 Bg5 12. Bd3 Ne7 13. Nxe7 Qxe7 14. Nc2 Bb7 15. 0-0 0-0 16. Qe2 f5 17. f3 g6 18. a4 d5 19. axb5 Qc5+ 20. Kh1 fxe4 21. fxe4 dxe4 22. Bxe4 Bxe4 23. Qxe4 Qxb5 24. Rfb1 Rae8 25. Nb4 a5 26. Nd3 Rf5 27. g4 Rf7 28. Rf1 Ref8 29. Kg2 Bf4 30. c4 Qb3 31. Rf2 Rd7 32. Nc5 Rd4 33. Qxd4 1-0

[Event "Prague op-B 20th"]
[Site "Prague"]
[Date "2022.01.12"]
[Round "7"]
[White "Sedlacek, Pavel"]
[Black "Tomasek, Ladislav"]
[Result "0-1"]
[WhiteElo "1564"]
[BlackElo "1800"]
[PlyCount "84"]
[EventDate "2022.01.07"]
[EventType "swiss"]
[EventRounds "9"]
[EventCountry "CZE"]
[SourceTitle "CBM 206 Extra"]
[Source "ChessBase"]
[SourceDate "2022.03.31"]
[SourceVersion "1"]
[SourceVersionDate "2022.03.31"]
[SourceQuality "1"]

1. e4 e5 2. Nf3 Nc6 3. Bb5 a6 4. Ba4 Nf6 5. 0-0 Be7 6. Re1 b5 7. Bb3 d6 8. c3 0-0 9. d4 Bg4 10. Qd3 Re8 11. Nbd2 exd4 12. Ng5 Ne5 13. Qxd4 c5 14. Qe3 c4 15. Bc2 h6 16. Ngf3 Bf8 17. Nxe5 dxe5 18. b3 Qc7 19. Qg3 Rac8 20. bxc4 bxc4 21. Nf1 Kh8 22. Ne3 Be6 23. h3 Nh5 24. Qh4 Nf4 25. Nf5 Bxf5 26. exf5 Be7 27. Qg3 Bf6 28. Qf3 Rcd8 29. Bxf4 exf4 30. Ba4 Rxe1+ 31. Rxe1 Be5 32. f6 Bxf6 33. Re8+ Rxe8 34. Bxe8 Qe7 35. Qa8 Kh7 36. Bc6 Qe1+ 37. Kh2 Qxf2 38. Be4+ g6 39. Qf8 Qg3+ 40. Kg1 Qe1+ 41. Kh2 Qxe4 42. Qxf7+ Bg7 0-1

[Event "Prague op-B 20th"]
[Site "Prague"]
[Date "2022.01.11"]
[Round "6"]
[White "Tomasek, Ladislav"]
[Black "Werner, Roman"]
[Result "1/2-1/2"]
[WhiteElo "1800"]
[BlackElo "1578"]
[PlyCount "28"]
[EventDate "2022.01.07"]
[EventType "swiss"]
[EventRounds "9"]
[EventCountry "CZE"]
[SourceTitle "CBM 206 Extra"]
[Source "ChessBase"]
[SourceDate "2022.03.31"]
[SourceVersion "1"]
[SourceVersionDate "2022.03.31"]
[SourceQuality "1"]

1. e4 c5 2. Nf3 Nc6 3. d4 cxd4 4. Nxd4 Nf6 5. Nc3 e5 6. Ndb5 d6 7. Bg5 a6 8. Na3 b5 9. Bxf6 gxf6 10. Nd5 f5 11. Bd3 Be6 12. c3 Bg7 13. Nc2 0-0 14. f3 Qg5 1/2-1/2